[Event "XVII Juros Svente 2020-A"]
[Site "Klaipeda"]
[Date "2020.07.23"]
[Round "4.8"]
[White "Kaunas, Kestutis"]
[Black "Scekaciov, Rostislav"]
[Result "0-1"]
[WhiteElo "2178"]
[BlackElo "1458"]
[Annotator "TA"]
[PlyCount "145"]
[EventDate "2020.07.20"]
[EventType "tourn"]
[EventCountry "LTU"]
[SourceTitle "playchess.com"]
[Source "ChessBase"]
[SourceQuality "1"]

{[%evp 13,145,-13,10,9,14,12,15,19,16,0,0,0,0,0,0,-12,0,-14,0,0,0,0,11,0,0,11,11,0,11,12,12,16,29,-19,75,75,89,66,141,142,179,178,258,195,236,201,199,212,226,119,128,42,53,52,51,49,42,21,64,33,35,21,14,19,13,-20,69,15,232,239,456,82,82,99,75,50,61,70,233,238,417,417,417,417,417,417,417,417,417,417,417,417,417,417,417,417,417,417,417,417,417,417,417,232,232,236,370,236,243,266,1742,1750,29957,29961,29963,29959,29961,29966,29966,29966,29963,29956,4689,4614,29963,4614,29964,11695,29980,29981,29979,29980,29987,29988]} 1. d4 Nf6 2. c4 e6 3. Nc3 Bb4 4. e3 d5 5. Nge2 O-O 6. a3 Be7 {6...Bd6 is the hot move. Played by Leinier Dominguez Perez in June 2020.} 7. Nf4 b6 8. cxd5 {E46: Nimzo-Indian: Rubinstein: 4 e3 0-0 5 Ne2 without early Bd3.} Nxd5 9. Ncxd5 exd5 {[#]} 10. b4 $146 {The position is equal.} ({Predecessor:} 10. Bd3 Bb7 11. O-O Nd7 12. Bd2 Bd6 13. b4 c5 14. bxc5 Bxf4 15. exf4 Qf6 16. Be3 {1-0 (56) Radovanovic,N (2392)-Chekletsov,I (2223) Paracin 2016}) 10... Bb7 11. Be2 Nd7 12. O-O Nf6 13. Qb3 Bd6 14. a4 Re8 {White must now prevent ...Bxf4.} 15. Bf3 a6 16. g3 Bxf4 17. exf4 Qd7 18. Bd2 Ne4 19. Be3 Re7 20. b5 a5 21. Rac1 Rc8 22. Rc2 h6 23. Bc1 Qf5 (23... c5 $11) 24. Ba3 $16 Rd7 25. Bg2 Ba8 {[#]} (25... Rdd8 $14) 26. Rfc1 $1 g5 27. fxg5 Nxg5 (27... hxg5 $142 28. f3 Nd6) 28. Qe3 Kg7 29. Re2 Ne6 30. f4 c5 31. bxc6 ({Weaker is} 31. dxc5 d4 $14) (31. Bb2 $18 {aiming for dxc5+.} c4 32. Qf2) 31... Rxc6 32. Qe5+ (32. Bf1 $16) 32... Qxe5 $14 33. dxe5 Rxc1+ 34. Bxc1 Nc5 35. f5 Bc6 36. Bb2 {Hoping for e6+.} Kg8 37. e6 fxe6 38. fxe6 Re7 39. Bh3 Ne4 ({Black should play} 39... Bxa4 $11 40. Bf6 Re8) 40. Rc2 (40. Re1 $14) 40... Bb7 $2 {[#]} (40... Bxa4 $11 {and Black has nothing to worry.} 41. Rc8+ Re8) 41. Ba3 $1 $18 {[%cal Ra3e7]} Re8 $2 (41... Nc5 {keeps fighting.} 42. Bxc5 bxc5) 42. e7 $2 (42. Rc7 $18 Bc8 43. Bf5) 42... Nc5 $16 43. Bxc5 bxc5 {[%mdl 4096] Endgame KRB-KRB} 44. Be6+ Kg7 {...c4 is the strong threat.} 45. Rxc5 {[%mdl 64] Double Attack} Rxe7 $2 {White stays focused until the end.} (45... d4 $14) 46. Bxd5 $18 Bxd5 $2 (46... Ba6 47. Rxa5 Be2) 47. Rxd5 $14 {KR-KR} Ra7 48. Kg2 Ra6 49. g4 Kf6 50. Kg3 Kg7 51. h4 Kg6 52. Kf4 Kf6 53. Rf5+ Kg6 54. Rb5 Kf6 55. h5 Ra7 56. Rb6+ Kg7 57. Rg6+ Kh7 58. Ke5 (58. g5 $142 hxg5+ 59. Rxg5 (59. Kxg5 Rc7 $16)) 58... Re7+ $18 59. Kd5 {And now Kc6 would win.} Rc7 (59... Rb7 {might work better.} 60. Rc6 Kg7) 60. Re6 Rg7 61. Re4 Rg5+ $2 (61... Rb7 62. Rc4 Kg8) 62. Kc6 Kg7 63. Rf4 Kg8 64. Kb6 Kg7 65. Rf5 Rxg4 66. Kxa5 Rg5 67. Rb5 Rg4 68. Rc5 Kf7 69. Kb5 Ke7 70. a5 {[%cal Ba4a5,Ba5a6,Ba6a7][%mdl 32]} Kd7 71. a6 {White mates.} Rg1 72. a7 Ra1 73. Kb6 {[%mdl 32768] Accuracy: White = 75%, Black = 53%. . Sensor Board Error (Ke4/e5)?} 0-1

[Event "XVII Juros Svente 2020-A"]
[Site "Klaipeda"]
[Date "2020.07.23"]
[Round "4.9"]
[White "Bazilius, Augustinas"]
[Black "Greicius, Pijus"]
[Result "0-1"]
[WhiteElo "1632"]
[BlackElo "1893"]
[Annotator "NA RC"]
[PlyCount "80"]
[EventDate "2020.07.20"]
[EventType "tourn"]
[EventCountry "LTU"]
[SourceTitle "playchess.com"]
[Source "ChessBase"]
[SourceQuality "1"]
[TimeControl "40/5400+30:1800+30"]

{[%evp 21,80,0,0,2,0,-26,0,-19,0,-22,-23,-44,-31,-28,-7,-39,-20,-35,0,-35,0,-29,32767,-33,-13,-137,-113,-133,-17,-18,-16,-27,0,-21,0,-196,-227,-224,-204,-291,-314,-370,-255,-250,-275,-266,-337,-295,-349,-353,-381,-428,-413,-606,-642,-769,-914,-1158,-4910,-1631,-12831]} 1. Nf3 {[%emt 0:00:00]} d5 {[%emt 0:00:21]} 2. g3 {[%emt 0:00:41]} Nf6 {[%emt 0:01:30]} 3. Bg2 {[%emt 0:00:20]} c6 {[%emt 0:02:17]} 4. O-O {[%emt 0:00:20]} Bf5 {[%emt 0:00:20]} 5. d4 {[%emt 0:01:03]} e6 {[%emt 0:00:10]} 6. c4 {[%emt 0:00:15]} Nbd7 {[%emt 0:01:22] The main line 6...Nbd7 scores better than 6...Be7.} 7. Nc3 {[%emt 0:01:46]} Bd6 {[%emt 0:03:00]} 8. Nd2 {[%emt 0:01:49] D11: Slav Defence: 3 Nf3 sidelines and 3...Nf6 4 e3 Bg4.} O-O {[%emt 0:02:08]} 9. e4 {[%emt 0:13:08]} dxe4 {[%emt 0:00:25]} 10. Ndxe4 {[%emt 0:00:31]} Bc7 {[%emt 0:00:44] [#]} 11. f4 $146 {[%emt 0:20:07]} ({Predecessor:} 11. Be3 Nxe4 12. Nxe4 Nf6 13. Nxf6+ Qxf6 14. Qb3 Rab8 15. d5 Be5 16. Bxa7 Rbc8 17. Qxb7 {0-1 (55) Beaskoa Estany,G (2100)-Vera Siguenas,D (2525) Barcelona 2017}) 11... Nxe4 {[%emt 0:01:16]} 12. Nxe4 {[%emt 0:00:20]} Nf6 {[%emt 0:04:26]} 13. Nxf6+ {[%emt 0:03:15]} Qxf6 {[%emt 0:00:06]} 14. Be3 {[%emt 0:00:39]} Rfd8 {[%emt 0:08:58]} 15. Qe2 {[%emt 0:01:03]} Qg6 {[%emt 0:06:06]} 16. Rfc1 {[%emt 0:04:38]} Bb6 {[%emt 0:04:20]} 17. c5 {[%emt 0:02:04]} Bc7 {[%emt 0:00:05]} 18. Bf3 {[%emt 0:03:58]} Rd7 {[%emt 0:04:35]} 19. Rd1 {[%emt 0:02:39]} a5 {[%emt 0:03:21]} 20. Rac1 {[%emt 0:03:23]} Rad8 {[%emt 0:03:20]} 21. Rd2 {[%emt 0:13:43]} h6 {[%emt 0:08:17]} 22. a4 {[%emt 0:05:46]} Rb8 {[%emt 0:09:01]} 23. Bf2 {[%emt 0:02:43]} (23. Qg2 $11) 23... Bxf4 $1 {[%emt 0:00:18]} 24. Bh5 {[%emt 0:00:51]} Qg5 {[%emt 0:01:31]} (24... Bxd2 $17 25. Bxg6 Bxc1 26. Bxf5 exf5) 25. h4 {[%emt 0:00:15]} Bxd2 {[%emt 0:00:36]} 26. hxg5 {[%emt 0:00:37]} Bxc1 {[%emt 0:00:06]} 27. gxh6 {[%emt 0:06:06]} Bxh6 {[%emt 0:00:14]} 28. Qe1 $2 {[%emt 0:01:06]} (28. g4 $1 $11 {and White stays safe.} g6 29. gxf5 gxh5 30. Bg3 (30. fxe6 Rd5 $11)) 28... Ra8 {[%emt 0:00:27]} 29. Bd1 {[%emt 0:01:59]} Bg5 {[%emt 0:01:01]} 30. b4 {[%emt 0:02:53]} axb4 {[%emt 0:04:38]} 31. Qxb4 {[%emt 0:00:02]} Bd3 {[%emt 0:00:11]} 32. g4 {[%emt 0:01:50]} Bf6 {[%emt 0:00:15]} 33. Be3 {[%emt 0:01:02]} g6 {[%emt 0:01:49]} 34. g5 {[%emt 0:00:13]} Bg7 {[%emt 0:00:08]} 35. Bg4 {[%emt 0:00:34]} Ba6 {[%emt 0:00:18]} 36. Qb3 {[%emt 0:00:28]} Re8 {[%emt 0:02:37]} 37. Qd1 {[%emt 0:00:56]} Red8 {[%emt 0:00:31]} 38. Qb3 {[%emt 0:00:45]} Bxd4 {[%emt 0:02:13]} 39. Bxe6 {[%emt 0:00:02]} Bxe3+ {[%emt 0:00:18]} ({Stronger than} 39... fxe6 40. Qxe6+ Rf7 41. Bxd4 $11) 40. Qxe3 {[%emt 0:00:01]} Rd1+ $19 {[%emt 0:00:18]} 0-1

[Event "XVII Juros Svente 2020-A"]
[Site "Klaipeda"]
[Date "2020.07.23"]
[Round "4.10"]
[White "Januseviciute, Donata"]
[Black "Savicevs, Arsenijs"]
[Result "0-1"]
[WhiteElo "1520"]
[BlackElo "1578"]
[Annotator "NA RC"]
[PlyCount "74"]
[EventDate "2020.07.20"]
[EventType "tourn"]
[EventCountry "LTU"]
[SourceTitle "playchess.com"]
[Source "ChessBase"]
[SourceQuality "1"]
[TimeControl "40/5400+30:1800+30"]

1. d4 {[%emt 0:00:00]} Nf6 {[%emt 0:00:00]} 2. c4 {[%emt 0:00:00]} e6 {[%emt 0:00:00]} 3. g3 {[%emt 0:00:03]} d5 {[%emt 0:00:00]} 4. Bg2 {[%emt 0:00:23]} c5 {[%emt 0:00:06]} 5. cxd5 {[%emt 0:01:00]} Nxd5 {[%emt 0:00:26]} 6. Nc3 {[%emt 0:04:02]} Nc6 {[%emt 0:01:52]} 7. Nxd5 {[%emt 0:01:30]} exd5 {[%emt 0:00:17]} 8. Nf3 {[%emt 0:00:57]} cxd4 {[%emt 0:00:34]} 9. O-O {[%emt 0:00:42]} Bc5 {[%emt 0:00:16]} 10. a3 {[%emt 0:02:24]} O-O {[%emt 0:02:31]} 11. b4 {[%emt 0:00:13]} Bb6 {[%emt 0:00:06]} 12. Bb2 {[%emt 0:01:32]} Qf6 {[%emt 0:02:28]} 13. b5 {[%emt 0:06:06]} Ne5 {[%emt 0:07:00]} 14. Nxe5 {[%emt 0:01:32]} Qxe5 {[%emt 0:00:08]} 15. e3 {[%emt 0:00:21]} Qe8 {[%emt 0:01:19]} 16. a4 {[%emt 0:00:29]} dxe3 {[%emt 0:00:13]} 17. Qxd5 {[%emt 0:04:27]} exf2+ {[%emt 0:00:17]} 18. Kh1 {[%emt 0:00:08]} Qe3 {[%emt 0:00:43]} 19. a5 {[%emt 0:10:33]} Be6 {[%emt 0:00:07]} 20. Qxb7 {[%emt 0:02:32]} Rab8 {[%emt 0:00:10]} 21. Qf3 {[%emt 0:00:51]} Qxf3 {[%emt 0:00:11]} 22. Bxf3 {[%emt 0:00:02]} Be3 {[%emt 0:00:15]} 23. b6 {[%emt 0:03:16]} f5 {[%emt 0:04:02]} 24. Be5 {[%emt 0:01:07]} Rbd8 {[%emt 0:02:23]} 25. Ra3 {[%emt 0:01:36]} Bc4 {[%emt 0:00:35]} 26. Kg2 {[%emt 0:01:46]} Bxf1+ {[%emt 0:00:24]} 27. Kxf1 {[%emt 0:00:09]} Bc5 {[%emt 0:00:24]} 28. Rc3 {[%emt 0:03:26]} axb6 {[%emt 0:00:17]} 29. Bf4 {[%emt 0:06:10]} Rfe8 {[%emt 0:00:10]} 30. Rxc5 {[%emt 0:00:21]} bxc5 {[%emt 0:00:08]} 31. a6 {[%emt 0:00:24]} Ra8 {[%emt 0:00:10]} 32. Bd5+ {[%emt 0:00:58]} Kh8 {[%emt 0:00:07]} 33. Bxa8 {[%emt 0:01:10]} Rxa8 {[%emt 0:00:06]} 34. Be3 {[%emt 0:00:13]} c4 {[%emt 0:00:30]} 35. a7 {[%emt 0:00:06]} c3 {[%emt 0:00:04]} 36. Kxf2 {[%emt 0:00:14]} c2 {[%emt 0:00:04]} 37. Kf3 {[%emt 0:00:16]} Rxa7 {[%emt 0:00:07]} 0-1

[Event "XVII Juros Svente 2020-A"]
[Site "Klaipeda"]
[Date "2020.07.23"]
[Round "4.11"]
[White "Ullrich, Karol"]
[Black "Milovs, Daniels"]
[Result "1/2-1/2"]
[WhiteElo "1404"]
[BlackElo "1555"]
[Annotator "NA RC"]
[PlyCount "74"]
[EventDate "2020.07.20"]
[EventType "tourn"]
[EventCountry "LTU"]
[SourceTitle "playchess.com"]
[Source "ChessBase"]
[SourceQuality "1"]
[TimeControl "40/5400+30:1800+30"]

1. e4 {[%emt 0:00:00]} e6 {[%emt 0:10:50]} 2. d4 d5 3. Nd2 {[%emt 0:00:00]} Nf6 {[%emt 0:00:03]} 4. e5 {[%emt 0:00:00]} Nfd7 {[%emt 0:00:01]} 5. Bd3 {[%emt 0:00:06]} c5 {[%emt 0:00:01]} 6. c3 {[%emt 0:00:07]} Nc6 {[%emt 0:00:02]} 7. Ne2 {[%emt 0:00:09]} Qb6 {[%emt 0:00:05]} 8. Nf3 {[%emt 0:00:28]} cxd4 {[%emt 0:00:14]} 9. cxd4 {[%emt 0:00:59]} f6 {[%emt 0:00:02]} 10. exf6 {[%emt 0:00:11]} Nxf6 {[%emt 0:00:02]} 11. O-O {[%emt 0:00:28]} Bd6 {[%emt 0:00:48]} 12. Nc3 {[%emt 0:00:30]} O-O {[%emt 0:00:46]} 13. Re1 {[%emt 0:01:37]} Bd7 {[%emt 0:00:54]} 14. Bg5 {[%emt 0:00:43]} Rae8 {[%emt 0:07:32]} 15. Re2 {[%emt 0:09:12]} Ng4 {[%emt 0:08:30]} 16. h3 {[%emt 0:05:17]} Rxf3 {[%emt 0:00:09]} 17. gxf3 {[%emt 0:00:28]} Nh2 {[%emt 0:01:25]} 18. f4 {[%emt 0:00:30]} Nf3+ {[%emt 0:01:52]} 19. Kg2 {[%emt 0:02:46]} Ncxd4 {[%emt 0:09:24]} 20. Re3 {[%emt 0:03:09]} h6 {[%emt 0:05:23]} 21. Rxf3 {[%emt 0:03:21]} Nxf3 {[%emt 0:04:04]} 22. Qxf3 {[%emt 0:02:10]} hxg5 {[%emt 0:00:08]} 23. Re1 {[%emt 0:05:56]} Bxf4 {[%emt 0:12:03]} 24. Qh5 {[%emt 0:01:46]} Qd4 {[%emt 0:07:09]} 25. Bg6 {[%emt 0:07:36]} Rc8 {[%emt 0:04:40]} 26. Bf7+ {[%emt 0:00:30]} Kf8 {[%emt 0:00:02]} 27. Rxe6 {[%emt 0:00:55]} Bxe6 {[%emt 0:01:23]} 28. Bxe6 {[%emt 0:00:11]} Rc7 {[%emt 0:01:55]} 29. Qh8+ {[%emt 0:06:38]} Ke7 {[%emt 0:00:38]} 30. Qg8 {[%emt 0:02:40]} Rxc3 {[%emt 0:02:33]} 31. Qf7+ {[%emt 0:00:36]} Kd6 {[%emt 0:00:03]} 32. Qd7+ {[%emt 0:00:23]} Kc5 {[%emt 0:02:08]} 33. bxc3 {[%emt 0:01:42]} Qe4+ {[%emt 0:01:12]} 34. Kg1 {[%emt 0:00:16]} Qe1+ {[%emt 0:06:45]} 35. Kg2 {[%emt 0:00:12]} Qe4+ {[%emt 0:01:48]} 36. Kg1 {[%emt 0:00:12]} Qb1+ {[%emt 0:01:37]} 37. Kg2 {[%emt 0:00:05]} Qe4+ 1/2-1/2

[Event "XVII Juros Svente 2020-A"]
[Site "Klaipeda"]
[Date "2020.07.23"]
[Round "4.12"]
[White "Barsciauskas, Gintautas"]
[Black "Kozlov, Mikhail D."]
[Result "1-0"]
[WhiteElo "1575"]
[BlackElo "1070"]
[Annotator "NA RC"]
[PlyCount "85"]
[EventDate "2020.07.20"]
[EventType "tourn"]
[EventCountry "LTU"]
[SourceTitle "playchess.com"]
[Source "ChessBase"]
[SourceQuality "1"]
[TimeControl "40/5400+30:1800+30"]

1. e4 {[%emt 0:00:00]} c5 {[%emt 0:00:00]} 2. c3 {[%emt 0:00:00]} d6 {[%emt 0:00:06]} 3. d4 {[%emt 0:00:36]} cxd4 {[%emt 0:00:08]} 4. cxd4 {[%emt 0:00:08]} Nc6 {[%emt 0:00:33]} 5. Nc3 {[%emt 0:00:35]} Nf6 {[%emt 0:00:47]} 6. Nf3 {[%emt 0:00:45]} Bg4 {[%emt 0:00:22]} 7. Be2 {[%emt 0:00:24]} g6 {[%emt 0:01:19]} 8. h3 {[%emt 0:00:32]} Bxf3 {[%emt 0:00:52]} 9. Bxf3 {[%emt 0:00:17]} Bg7 {[%emt 0:00:14]} 10. O-O {[%emt 0:00:26]} O-O {[%emt 0:00:15]} 11. g3 {[%emt 0:01:05]} Qb6 {[%emt 0:00:51]} 12. Ne2 {[%emt 0:01:48]} Nd7 {[%emt 0:00:48]} 13. d5 {[%emt 0:02:07]} Nce5 {[%emt 0:03:58]} 14. Bg2 {[%emt 0:00:21]} Nc4 {[%emt 0:02:25]} 15. Rb1 {[%emt 0:00:37]} Nc5 {[%emt 0:01:02]} 16. b3 {[%emt 0:03:16]} f5 {[%emt 0:03:45]} 17. Qc2 {[%emt 0:06:23]} Ne5 {[%emt 0:03:00]} 18. Be3 {[%emt 0:01:36]} Rac8 {[%emt 0:01:29]} 19. Qd1 {[%emt 0:02:29]} Qa6 {[%emt 0:00:34]} 20. Bxc5 {[%emt 0:03:35]} Rxc5 {[%emt 0:00:56]} 21. a4 {[%emt 0:03:48]} b5 {[%emt 0:01:09]} 22. axb5 {[%emt 0:01:38]} Rxb5 {[%emt 0:00:20]} 23. Nd4 {[%emt 0:01:34]} Rb4 {[%emt 0:01:38]} 24. exf5 {[%emt 0:03:32]} Rxd4 {[%emt 0:00:26]} 25. Qe1 {[%emt 0:01:47]} Rxf5 {[%emt 0:00:22]} 26. f4 {[%emt 0:00:39]} Qb6 {[%emt 0:01:40]} 27. Kh2 {[%emt 0:01:10]} Nf7 {[%emt 0:03:49]} 28. Qxe7 {[%emt 0:00:51]} Rd2 {[%emt 0:00:58]} 29. Rbc1 {[%emt 0:01:19]} Qa6 {[%emt 0:01:10]} 30. Rfe1 {[%emt 0:05:02]} Ne5 {[%emt 0:02:24]} 31. fxe5 {[%emt 0:03:51]} Rff2 {[%emt 0:01:00]} 32. Qe6+ {[%emt 0:00:43]} Kh8 {[%emt 0:00:20]} 33. Rc8+ {[%emt 0:00:37]} Rf8 {[%emt 0:00:22]} 34. Rxf8+ Bxf8 35. Qf6+ {[%emt 0:03:23]} Kg8 {[%emt 0:00:38]} 36. Rf1 {[%emt 0:02:17]} Qc8 {[%emt 0:00:34]} 37. Qf7+ {[%emt 0:00:34]} Kh8 {[%emt 0:00:21]} 38. Qxf8+ {[%emt 0:00:12]} Qxf8 {[%emt 0:00:13]} 39. Rxf8+ {[%emt 0:00:21]} Kg7 {[%emt 0:00:08]} 40. Ra8 {[%emt 0:00:51]} dxe5 {[%emt 0:00:15]} 41. Rxa7+ {[%emt 0:30:21]} Kh6 {[%emt 0:30:09]} 42. Re7 {[%emt 0:00:37]} Rb2 {[%emt 0:00:28]} 43. d6 {[%emt 0:00:28]} 1-0

[Event "XVII Juros Svente 2020-A"]
[Site "Klaipeda"]
[Date "2020.07.24"]
[Round "5.1"]
[White "Paulauskas, Andrius"]
[Black "Laurusas, Tomas"]
[Result "0-1"]
[WhiteElo "1904"]
[BlackElo "2511"]
[Annotator "TA"]
[PlyCount "28"]
[EventDate "2020.07.20"]
[EventType "tourn"]
[EventCountry "LTU"]
[SourceTitle "playchess.com"]
[Source "ChessBase"]
[SourceQuality "1"]

{[%evp 9,28,29,23,29,30,23,33,29,34,28,25,20,15,0,0,0,0,0,0,-25,-26]} 1. d4 Nf6 2. Nf3 b5 3. e3 a6 4. c4 bxc4 5. Bxc4 e6 6. Nc3 {A46: 1 d4 Nf6 2 Nf3 e6: Torre, London and Colle Systems.} d5 7. Bd3 c5 8. O-O {White is slightly better.} Nc6 9. dxc5 Bxc5 {[#]} 10. a3 $146 ({Predecessor:} 10. b3 e5 11. Na4 Bd6 12. Be2 O-O 13. Bb2 Bb7 14. Rc1 Qe7 15. Qc2 Rac8 16. Qb1 {0-1 (41) Jerez Perez,A (2460)-Gonzalez Rodriguez,J (2376) Martinenc 2001}) 10... O-O 11. b4 Bd6 12. Bb2 e5 13. Be2 Bb8 14. g3 Bh3 {[%mdl 32768] White took control after the opening. Accuracy: White = 88%, Black = 100%. . Loss on time!?} 0-1

[Event "XVII Juros Svente 2020-A"]
[Site "Klaipeda"]
[Date "2020.07.24"]
[Round "5.2"]
[White "Juksta, Karolis"]
[Black "Vardanyan, Aras"]
[Result "1-0"]
[WhiteElo "2366"]
[BlackElo "2178"]
[Annotator "ChessBase"]
[PlyCount "59"]
[EventDate "2020.07.20"]
[EventType "tourn"]
[EventCountry "LTU"]
[SourceTitle "playchess.com"]
[Source "ChessBase"]
[SourceQuality "1"]
[TimeControl "40/5400+30:1800+30"]

1. d4 {[%emt 0:00:00]} Nf6 {[%emt 0:00:00]} 2. c4 {[%emt 0:00:00]} c5 {[%emt 0:00:00]} 3. d5 {[%emt 0:00:00]} b5 {[%emt 0:00:00]} 4. cxb5 {[%emt 0:00:18]} a6 {[%emt 0:00:00]} 5. e3 {[%emt 0:00:28]} axb5 {[%emt 0:00:00]} 6. Bxb5 {[%emt 0:00:10]} Qa5+ {[%emt 0:00:00]} 7. Nc3 {[%emt 0:00:06]} Bb7 {[%emt 0:00:02]} 8. Bd2 {[%emt 0:01:13]} Qb6 {[%emt 0:00:05]} 9. Nf3 {[%emt 0:00:15]} Nxd5 {[%emt 0:00:09]} 10. a4 {[%emt 0:00:12]} e6 {[%emt 0:00:37]} 11. O-O {[%emt 0:02:07]} Be7 {[%emt 0:00:30]} 12. e4 {[%emt 0:01:43]} Nxc3 {[%emt 0:03:42]} 13. Bxc3 {[%emt 0:00:11]} O-O {[%emt 0:01:31]} 14. Ne5 {[%emt 0:00:34]} d5 {[%emt 0:02:01]} 15. exd5 {[%emt 0:00:54]} exd5 {[%emt 0:00:07]} 16. Re1 {[%emt 0:05:45]} Bf6 {[%emt 0:04:28]} 17. Rc1 {[%emt 0:16:29]} d4 {[%emt 0:09:25]} 18. Bd2 {[%emt 0:01:51]} Ba6 {[%emt 0:09:06]} 19. Qf3 {[%emt 0:23:33]} Ra7 {[%emt 0:22:06]} 20. Nc4 {[%emt 0:01:58]} Qb7 {[%emt 0:01:59]} 21. Qxb7 {[%emt 0:02:52]} Rxb7 {[%emt 0:02:14]} 22. Na5 {[%emt 0:01:32]} Rc7 {[%emt 0:10:07]} 23. Bf4 {[%emt 0:05:59]} Re7 {[%emt 0:01:16]} 24. Bxb8 {[%emt 0:10:17]} Bxb5 {[%emt 0:00:30]} 25. axb5 {[%emt 0:00:35]} Rxb8 {[%emt 0:03:21]} 26. Nc6 {[%emt 0:00:32]} Rbb7 {[%emt 0:00:09]} 27. Nxe7+ {[%emt 0:00:23]} Bxe7 {[%emt 0:00:06]} 28. b4 {[%emt 0:04:48]} d3 {[%emt 0:00:55]} 29. Rxc5 {[%emt 0:08:19]} g6 {[%emt 0:07:39]} 30. Rd5 {[%emt 0:02:59]} 1-0

[Event "XVII Juros Svente 2020-A"]
[Site "Klaipeda"]
[Date "2020.07.24"]
[Round "5.3"]
[White "Stremavicius, Pijus"]
[Black "Jablokov, Dmitrij"]
[Result "1-0"]
[WhiteElo "2163"]
[BlackElo "1962"]
[Annotator "ChessBase"]
[PlyCount "130"]
[EventDate "2020.07.20"]
[EventType "tourn"]
[EventCountry "LTU"]
[SourceTitle "playchess.com"]
[Source "ChessBase"]
[SourceQuality "1"]
[TimeControl "40/5400+30:1800+30"]

1. Nf3 {[%emt 0:00:00]} Nf6 {[%emt 0:03:13]} 2. c4 {[%emt 0:00:00]} g6 {[%emt 0:00:11]} 3. Nc3 {[%emt 0:00:00]} d5 {[%emt 0:00:04]} 4. cxd5 {[%emt 0:00:00]} Nxd5 {[%emt 0:00:01]} 5. Qb3 {[%emt 0:00:04]} Nb6 {[%emt 0:08:12]} 6. d4 {[%emt 0:00:22]} Bg7 {[%emt 0:00:16]} 7. Bf4 {[%emt 0:00:10]} O-O {[%emt 0:01:32]} 8. Rd1 {[%emt 0:00:12]} c6 {[%emt 0:01:19]} 9. e4 {[%emt 0:00:43]} Bg4 {[%emt 0:02:30]} 10. Be2 {[%emt 0:01:31]} N8d7 {[%emt 0:03:22]} 11. O-O {[%emt 0:00:29]} Nf6 {[%emt 0:06:27]} 12. h3 {[%emt 0:00:44]} Be6 {[%emt 0:00:53]} 13. Qc2 {[%emt 0:02:30]} Qc8 {[%emt 0:01:30]} 14. b3 {[%emt 0:02:07]} h6 {[%emt 0:16:27]} 15. Rfe1 {[%emt 0:02:26]} g5 {[%emt 0:01:31]} 16. Bh2 {[%emt 0:00:26]} Rd8 {[%emt 0:03:05]} 17. Ne5 {[%emt 0:03:18]} Nfd7 {[%emt 0:01:49]} 18. Nc4 {[%emt 0:05:27]} Nf8 {[%emt 0:00:33]} 19. Nxb6 {[%emt 0:01:42]} axb6 {[%emt 0:00:02]} 20. Na4 {[%emt 0:00:09]} Bxd4 {[%emt 0:01:47]} 21. Rxd4 {[%emt 0:00:19]} Rxd4 {[%emt 0:00:01]} 22. Nxb6 {[%emt 0:00:07]} Qd8 {[%emt 0:00:55]} 23. Nxa8 {[%emt 0:00:20]} Qxa8 {[%emt 0:00:01]} 24. Be5 {[%emt 0:01:17]} Rd8 {[%emt 0:01:35]} 25. Ba1 {[%emt 0:00:26]} Ng6 {[%emt 0:01:12]} 26. Bf1 {[%emt 0:00:21]} Qa5 {[%emt 0:02:56]} 27. Qc3 {[%emt 0:00:43]} Qxc3 {[%emt 0:00:25]} 28. Bxc3 {[%emt 0:00:02]} Nf4 {[%emt 0:00:18]} 29. Kh2 {[%emt 0:00:20]} Rd7 {[%emt 0:04:38]} 30. g3 {[%emt 0:00:56]} Nd3 {[%emt 0:00:01]} 31. Re2 {[%emt 0:00:44]} f6 {[%emt 0:01:49]} 32. Rd2 {[%emt 0:00:28]} Nc5 {[%emt 0:01:30]} 33. Rxd7 {[%emt 0:00:07]} Bxd7 {[%emt 0:00:43]} 34. f3 {[%emt 0:00:06]} Kf7 {[%emt 0:01:23]} 35. g4 {[%emt 0:00:17]} b5 {[%emt 0:01:53]} 36. h4 {[%emt 0:00:14]} Be6 {[%emt 0:02:04]} 37. Kg3 {[%emt 0:00:31]} Bc8 {[%emt 0:00:32]} 38. h5 {[%emt 0:01:15]} Be6 {[%emt 0:01:50]} 39. Be2 {[%emt 0:00:10]} Bd7 {[%emt 0:00:30]} 40. Bb4 {[%emt 0:00:25]} Na6 {[%emt 0:00:30]} 41. Bd2 {[%emt 0:30:08]} Be6 {[%emt 0:30:20]} 42. Kf2 {[%emt 0:00:10]} Ke8 {[%emt 0:00:55]} 43. Ke3 {[%emt 0:00:55]} Kd7 {[%emt 0:00:15]} 44. Bd3 {[%emt 0:00:42]} Nc5 {[%emt 0:00:35]} 45. Bb1 {[%emt 0:00:09]} Na6 {[%emt 0:00:16]} 46. Bc3 {[%emt 0:00:08]} Kd6 {[%emt 0:01:48]} 47. Bd3 {[%emt 0:00:53]} Bd7 {[%emt 0:01:41]} 48. e5+ {[%emt 0:02:05]} fxe5 {[%emt 0:00:19]} 49. b4 {[%emt 0:00:07]} Be6 {[%emt 0:01:06]} 50. a4 {[%emt 0:00:36]} Nc7 {[%emt 0:00:06]} 51. Ke4 {[%emt 0:08:05]} Bd5+ {[%emt 0:01:02]} 52. Kf5 {[%emt 0:00:05]} e6+ {[%emt 0:00:20]} 53. Kf6 {[%emt 0:01:44]} Bxf3 {[%emt 0:00:51]} 54. Bxe5+ {[%emt 0:00:08]} Kd7 {[%emt 0:00:01]} 55. axb5 {[%emt 0:01:17]} Bxg4 {[%emt 0:01:52]} 56. Kg6 {[%emt 0:02:12]} Nd5 {[%emt 0:08:46]} 57. bxc6+ {[%emt 0:01:12]} Kxc6 {[%emt 0:00:16]} 58. b5+ {[%emt 0:00:05]} Kc5 {[%emt 0:01:09]} 59. Kxh6 {[%emt 0:00:21]} Nf4 {[%emt 0:01:26]} 60. Bxf4 {[%emt 0:00:38]} gxf4 {[%emt 0:00:01]} 61. Kg5 {[%emt 0:00:01]} Bxh5 {[%emt 0:00:55]} 62. Kxh5 {[%emt 0:00:06]} e5 {[%emt 0:00:06]} 63. Kg4 {[%emt 0:00:14]} e4 {[%emt 0:00:29]} 64. Bf1 {[%emt 0:00:07]} f3 {[%emt 0:00:06]} 65. Kf4 {[%emt 0:00:04]} Kd5 1-0